Normal view
MARC view
- Business enterprises
Entry Topical Term
001 - CONTROL NUMBER
- control field: 42865
003 - CONTROL NUMBER IDENTIFIER
- control field: OSt
005 - DATE AND TIME OF LATEST TRANSACTION
- control field: 20210203111628.0
008 - FIXED-LENGTH DATA ELEMENTS
- fixed length control field: 210203|| aca||aabn | a|a d
040 ## - CATALOGING SOURCE
- Original cataloging agency: OSt
- Transcribing agency: OSt
150 ## - HEADING--TOPICAL TERM
- Topical term or geographic name entry element: Business enterprises
- General subdivision: Audit.
670 ## - SOURCE DATA FOUND
- Source citation: Work cat.: (OSt): McHugh III, Marion E. 42864, Audit firm changes post-Sarbanes Oxley: , ©2012.
